000 01183nam a22003497a 4500
003 CHAP
005 20220329135308.0
008 971013s1976 r 00010 d
010 _a33947
011 _a34919
035 _a39035
040 _cCHAP
090 _aFolleto 2776
100 0 0 _aMéndez Alfaro, Medardo.
_976464
245 _aPuntuación
_b: su uso en temas agrícolas
260 _a(México, D.F) :
_bInstituto Nacional de Investigaciones Agrícolas. Departamento de Divulgación Técnica,
_c(1976)
300 _a30 p
490 _aTemas didácticos
_v; 4
500 _ac.3-4 en bodega
590 _aBATCH-UPD
_b10
_c20130110
_lUCH01
_h0209
590 _aBATCH-UPD
_b10
_c20130110
_lUCH01
_h1610
590 _aBATCH-UPD
_b10
_c20130409
_lUCH01
_h2224
590 _aBATCH-UPD
_b10
_c20130410
_lUCH01
_h1005
590 _aBATCH-UPD
_b10
_c20130914
_lUCH01
_h1320
590 _aCONVERSION
_b10
_c20130109
_lUCH01
_h1319
650 1 4 _aEspañol
_xPuntuación.
_937742
830 0 _aTemas didácticos
_v; 4
_9112155
901 _aBK
942 _cFOLL
949 _aFolleto 2776
_bBC
_cFOLL
_d-89176
_eTS1
_i39035
_mD
_si
949 _aFolleto 2776
_bBC
_cFOLL
_d-89177
_eTS2
_fc.2
_i39035
_si
999 _c33947
_d33947